|
|
|
|
| LEADER |
01171cam a22002651 4500 |
| 001 |
4055685 |
| 003 |
GR-PaULI |
| 005 |
20210117210936.0 |
| 008 |
721219s1953 nyua b 000 0 eng |
| 952 |
|
|
|0 0
|1 0
|2 ddc
|4 0
|6 Π_Σ_516_500000000000000_BUS
|7 0
|9 234090
|a LISP
|b LISP
|c REF
|d 2019-07-19
|i 141253
|l 0
|o Π/Σ 516.5 BUS
|p 025000042513
|r 2019-07-19 00:00:00
|t 1
|v 2019.00
|w 2019-07-19
|y BKN
|
| 999 |
|
|
|c 141994
|d 141994
|
| 010 |
|
|
|a 52013363
|
| 040 |
|
|
|a DLC
|c GR-PaULI
|d
|b gre
|e AACR2
|
| 082 |
0 |
4 |
|a 516.5
|2 23
|
| 100 |
1 |
|
|a Busemann, Herbert,
|d 1905-
|9 171260
|e συγγραφέας.
|
| 245 |
1 |
0 |
|a Projective geometry and projective metrics /
|c by Herbert Busemann and Paul J. Kelly.
|
| 260 |
|
|
|a New York :
|b Academic Press,
|c 1953.
|
| 300 |
|
|
|a viii, 332 σ. ;
|b
|c 24 εκ.
|
| 490 |
1 |
|
|a Pure and applied mathematics; a series of monographs and textbooks
|v 3
|
| 504 |
|
|
|a Περιλαμβάνει βιβλιογραφία.
|
| 650 |
|
4 |
|a Γεωμετρία, Προβολική
|9 2835
|
| 700 |
1 |
|
|a Kelly, Paul J.,
|d 1915-1995
|e συγγραφέας.
|9 177228
|
| 830 |
|
0 |
|a Pure and applied mathematics (Academic Press)
|v 3.
|9 165437
|
| 942 |
|
|
|2 ddc
|c BKN
|
| 998 |
|
|
|c ΜΠΟΥΡΑΣ
|d 2019-07
|